[Event "DEM U12/U12w 2014"]
[Site "Magdeburg GER"]
[Date "2014.06.14"]
[Round "11"]
[White "Wienhold, Nadine"]
[Black "Könze, Heike"]
[Result "1/2-1/2"]
[Termination "normal"]
[Board "30"]
[WhiteElo "1342"]
[BlackElo "1503"]
[PlyCount "82"]
[WhiteFideId "12964514"]
[BlackFideId "12964476"]
[EventCountry "GER"]
[EventRounds "11"]
[EventType "swiss"]
[EventDate "2014.06.07"]

1. c4 e5 2. g3 f5 3. Bg2 Nf6 4. Nc3 Bc5 5. e3 Nc6 6. Nge2 d6 7. a3 a6 8. Rb1
Ba7 9. O-O Be6 10. d3 O-O 11. b4 d5 12. cxd5 Nxd5 13. b5 axb5 14. Rxb5 Nde7 15.
Qc2 Bb6 16. Na4 Ra5 17. Nc5 Rxb5 18. Nxe6 Qd6 19. Nxf8 Kxf8 20. Bb2 Nd5 21. d4
g6 22. a4 Ra5 23. Qb3 e4 24. Ba3 Ncb4 25. Nc3 c5 26. Nxd5 Qxd5 27. Qxd5 Nxd5
28. dxc5 Bxc5 29. Bxc5+ Rxc5 30. Rb1 Rc7 31. Bf1 Nc3 32. Rb4 Rd7 33. Rc4 Nd5
34. Rd4 Nb6 35. Rxd7 Nxd7 36. Kg2 h6 37. h3 b6 38. g4 Nc5 39. Bb5 Ke7 40. Bc6
Kf6 41. Kg3 g5 1/2-1/2

[Event "DEM U12/U12w 2014"]
[Site "Magdeburg GER"]
[Date "2014.06.14"]
[Round "11"]
[White "Ning, Felix"]
[Black "Paulweber, Lara Maria"]
[Result "0-1"]
[Termination "normal"]
[Board "31"]
[WhiteElo "1491"]
[BlackElo "1386"]
[PlyCount "44"]
[WhiteFideId "12988553"]
[BlackFideId "12954411"]
[EventCountry "GER"]
[EventRounds "11"]
[EventType "swiss"]
[EventDate "2014.06.07"]

1. d4 e6 2. c4 d5 3. Nc3 Nf6 4. Nf3 c5 5. cxd5 exd5 6. dxc5 Bxc5 7. e3 Be6 8.
Bb5+ Nc6 9. O-O O-O 10. b3 a6 11. Be2 d4 12. exd4 Nxd4 13. Nxd4 Bxd4 14. Bb2
Be5 15. Bf3 Qc7 16. Rc1 Bxh2+ 17. Kh1 Be5 18. Nd5 Qb8 19. Bxe5 Qxe5 20. Re1 Qg5
21. Nc7 Rad8 22. Nxe6 Qh4+ 0-1

[Event "DEM U12/U12w 2014"]
[Site "Magdeburg GER"]
[Date "2014.06.14"]
[Round "11"]
[White "Kukulina, Sonja"]
[Black "Hermanns, Till"]
[Result "0-1"]
[Termination "normal"]
[Board "34"]
[WhiteElo "1162"]
[BlackElo "1449"]
[PlyCount "124"]
[WhiteFideId "12977047"]
[BlackFideId "12972347"]
[EventCountry "GER"]
[EventRounds "11"]
[EventType "swiss"]
[EventDate "2014.06.07"]

1. e4 e6 2. d4 d5 3. exd5 exd5 4. Bd3 Nf6 5. Ne2 Be7 6. Bf4 a6 7. c3 Bg4 8. f3
Bh5 9. Ng3 Bg6 10. O-O Bxd3 11. Qxd3 O-O 12. Nf5 Nh5 13. Nxe7+ Qxe7 14. Be3 Re8
15. Re1 Qd7 16. Nd2 Qc6 17. Bf2 Nd7 18. Rxe8+ Rxe8 19. Re1 Nf8 20. Rxe8 Qxe8
21. Qe3 Qxe3 22. Bxe3 Ne6 23. c4 c6 24. cxd5 cxd5 25. Nb3 b6 26. Kf2 Kf8 27.
Ke2 Ke7 28. Kd3 Nhf4+ 29. Bxf4 Nxf4+ 30. Ke3 Nxg2+ 31. Kf2 Nf4 32. Ke3 g5 33.
a4 a5 34. Nd2 Ne6 35. Nf1 Ng7 36. Kd3 Kd7 37. Ne3 Ke6 38. Kc3 Nf5 39. Ng4 f6
40. Kd3 h5 41. Ne3 Nxe3 42. Kxe3 Kf5 43. h3 g4 44. fxg4+ hxg4 45. hxg4+ Kxg4
46. Kf2 Kf4 47. b3 Ke4 48. Ke2 Kxd4 49. Kd2 f5 50. Ke2 Kc3 51. b4 axb4 52. Kd1
b3 53. Kc1 f4 54. a5 bxa5 55. Kd1 b2 56. Ke2 b1=Q 57. Kf3 Qe4+ 58. Kg4 f3+ 59.
Kg5 f2 60. Kh5 Qg2 61. Kh6 f1=R 62. Kh7 Rh1# 0-1

[Event "DEM U12/U12w 2014"]
[Site "Magdeburg GER"]
[Date "2014.06.14"]
[Round "11"]
[White "Hüls, Maximilian"]
[Black "Schäfer, Nicolas"]
[Result "0-1"]
[Termination "normal"]
[Board "35"]
[WhiteElo "1638"]
[BlackElo "1337"]
[PlyCount "112"]
[WhiteFideId "12949698"]
[BlackFideId "12988901"]
[EventCountry "GER"]
[EventRounds "11"]
[EventType "swiss"]
[EventDate "2014.06.07"]

1. e4 c5 2. c3 Nf6 3. e5 Nd5 4. d4 cxd4 5. cxd4 d6 6. Nf3 Nc6 7. Nc3 Nxc3 8.
bxc3 dxe5 9. d5 Nb8 10. Nxe5 Nd7 11. Nxd7 Bxd7 12. Bc4 g6 13. Be3 Bg7 14. Bd4
O-O 15. O-O Re8 16. Bxg7 Kxg7 17. Qd4+ Kg8 18. Rab1 b6 19. Qf4 e5 20. dxe6 Bxe6
21. Rbd1 Qc8 22. Bxe6 Qxe6 23. a4 Qb3 24. Qb4 Qxb4 25. cxb4 Re4 26. Rb1 Rd8 27.
f3 Rc4 28. Rfc1 Rdd4 29. Rxc4 Rxc4 30. Kf1 Kf8 31. Ke1 Ke7 32. Kd2 Kd6 33. Rb3
Rd4+ 34. Ke3 Rc4 35. g3 f5 36. Rd3+ Ke6 37. f4 Rxb4 38. Ra3 h6 39. h4 Re4+ 40.
Kd3 Kd5 41. a5 b5 42. a6 Ra4 43. Rb3 b4 44. Rb2 Ra3+ 45. Kc2 Kc4 46. Kd2 Rxg3
47. Rc2+ Rc3 48. Rb2 Rd3+ 49. Kc2 b3+ 50. Kc1 Kc3 51. Rg2 Rf3 52. Rg1 Rxf4 53.
Kb1 Rd4 54. Ka1 Kc2 55. h5 b2+ 56. Ka2 Ra4# 0-1

[Event "DEM U12/U12w 2014"]
[Site "Magdeburg GER"]
[Date "2014.06.14"]
[Round "11"]
[White "Berelowitsch, Dana"]
[Black "Reitz, Theresa"]
[Result "1/2-1/2"]
[Termination "normal"]
[Board "36"]
[WhiteElo "1102"]
[BlackElo "1484"]
[PlyCount "52"]
[WhiteFideId "12977144"]
[BlackFideId "12971901"]
[EventCountry "GER"]
[EventRounds "11"]
[EventType "swiss"]
[EventDate "2014.06.07"]

1. d4 Nf6 2. Nc3 d5 3. Bg5 g6 4. e3 Ne4 5. Nxe4 dxe4 6. Bc4 Bg7 7. Ne2 c5 8. c3
O-O 9. Qc2 cxd4 10. Nxd4 Qc7 11. Bb3 Qc5 12. Bh4 e5 13. Ne2 Qc6 14. O-O-O Bf5
15. Bd5 Qa6 16. a3 Kh8 17. Bxe4 Bxe4 18. Qxe4 Qxe2 19. Qxb7 Na6 20. Rhe1 Rab8
21. Qxb8 Qxd1+ 22. Rxd1 Nxb8 23. Rd5 f5 24. Kc2 h6 25. f3 Re8 26. e4 fxe4
1/2-1/2

[Event "DEM U12/U12w 2014"]
[Site "Magdeburg GER"]
[Date "2014.06.14"]
[Round "11"]
[White "Kose, Robert Paul"]
[Black "Arnold, Leander"]
[Result "1-0"]
[Termination "normal"]
[Board "37"]
[WhiteElo "1267"]
[BlackElo "1402"]
[PlyCount "53"]
[WhiteFideId "12982067"]
[BlackFideId "12990230"]
[EventCountry "GER"]
[EventRounds "11"]
[EventType "swiss"]
[EventDate "2014.06.07"]

1. e4 e6 2. d4 d5 3. Nd2 Nc6 4. Ngf3 Nf6 5. e5 Nd7 6. Bb5 a6 7. Bxc6 bxc6 8.
Nb3 h6 9. c3 Be7 10. Na5 Nb8 11. Qb3 O-O 12. O-O Qe8 13. Be3 f6 14. Rac1 c5 15.
dxc5 Nc6 16. Nxc6 Qxc6 17. exf6 Bxf6 18. Bd4 Be7 19. Ne5 Qe8 20. Qc2 Rf5 21.
Rfe1 Rg5 22. Nf3 Rg4 23. h3 Rf4 24. Be5 Rf5 25. Bxc7 Bxc5 26. b4 Ba7 27. Qxf5
1-0

[Event "DEM U12/U12w 2014"]
[Site "Magdeburg GER"]
[Date "2014.06.14"]
[Round "11"]
[White "Garbuz, Nicole"]
[Black "Gauchel, Verena"]
[Result "1-0"]
[Termination "normal"]
[Board "38"]
[WhiteElo "1389"]
[BlackElo "1273"]
[PlyCount "149"]
[WhiteFideId "12990701"]
[BlackFideId "12988537"]
[EventCountry "GER"]
[EventRounds "11"]
[EventType "swiss"]
[EventDate "2014.06.07"]

1. e4 b6 2. d4 Bb7 3. Bd3 Nf6 4. Qe2 e6 5. Nf3 c5 6. c3 Be7 7. O-O d6 8. Bg5
Nbd7 9. Nbd2 h6 10. Bh4 Nh7 11. Bxe7 Qxe7 12. h3 Nhf6 13. Nh2 cxd4 14. cxd4 e5
15. d5 Nc5 16. Bb5+ Ncd7 17. Rac1 a6 18. Ba4 b5 19. Bc2 Rc8 20. Nb3 Qd8 21. Bd3
Rxc1 22. Rxc1 Nh7 23. Qg4 O-O 24. f4 Ndf6 25. Qf3 exf4 26. Qxf4 Nh5 27. Qe3 Qg5
28. Qxg5 Nxg5 29. h4 Nh7 30. Rc7 Bc8 31. Nd4 Re8 32. Nc6 N5f6 33. Rxc8 Kf8 34.
Rxe8+ Kxe8 35. Nb8 a5 36. Bxb5+ Kd8 37. Nc6+ Kc7 38. Bd3 Kb6 39. Nf3 Nf8 40.
Nd8 Ng6 41. Nxf7 Nf4 42. Bc2 Kc7 43. Nd4 Kd7 44. Nc6 a4 45. Nfd8 Ne2+ 46. Kf2
Nf4 47. Nb7 Ng6 48. Bxa4 Nxe4+ 49. Ke3 Nf6 50. Ne5+ Kc7 51. Nxg6 Kxb7 52. Bb3
Kb6 53. Ne7 Kc5 54. Nf5 Nxd5+ 55. Bxd5 Kxd5 56. Nxg7 Kc4 57. Nf5 d5 58. g4 d4+
59. Nxd4 Kd5 60. Nf5 Ke5 61. Nxh6 Kf6 62. a4 Kg6 63. a5 Kxh6 64. a6 Kg6 65. a7
Kf6 66. a8=Q Ke5 67. Qa5+ Kd6 68. Qf5 Kc6 69. Qe5 Kb6 70. Qd5 Ka6 71. Qb3 Ka5
72. Kd4 Ka6 73. Kc5 Ka7 74. Kc6 Ka8 75. Qb7# 1-0

[Event "DEM U12/U12w 2014"]
[Site "Magdeburg GER"]
[Date "2014.06.14"]
[Round "11"]
[White "Leimbach, Tim Vincent"]
[Black "Kirsten, Annika"]
[Result "1/2-1/2"]
[Termination "normal"]
[Board "39"]
[WhiteElo "1284"]
[BlackElo "1323"]
[PlyCount "45"]
[WhiteFideId "12988600"]
[BlackFideId "12961124"]
[EventCountry "GER"]
[EventRounds "11"]
[EventType "swiss"]
[EventDate "2014.06.07"]

1. e4 c5 2. Nc3 d6 3. Bc4 Nf6 4. d3 g6 5. f4 e6 6. Nf3 Bg7 7. O-O O-O 8. a3 Nc6
9. Qe1 d5 10. Ba2 dxe4 11. dxe4 e5 12. Qf2 Re8 13. fxe5 Nxe5 14. Qxc5 Nxf3+ 15.
Rxf3 Be6 16. Bxe6 Rxe6 17. Qb4 Nxe4 18. Be3 Nxc3 19. bxc3 Qc7 20. Rb1 b6 21.
Bf4 Qc6 22. Rbf1 Rae8 23. Bg3 1/2-1/2

[Event "DEM U12/U12w 2014"]
[Site "Magdeburg GER"]
[Date "2014.06.14"]
[Round "11"]
[White "Ziegenfuß, Larissa"]
[Black "Petrow, Jonas"]
[Result "0-1"]
[Termination "normal"]
[Board "40"]
[WhiteElo "1587"]
[BlackElo "1220"]
[PlyCount "100"]
[WhiteFideId "12974722"]
[BlackFideId "12991805"]
[EventCountry "GER"]
[EventRounds "11"]
[EventType "swiss"]
[EventDate "2014.06.07"]

1. e4 c5 2. Nf3 e6 3. d3 Nc6 4. Nbd2 Qc7 5. g3 Nf6 6. Bg2 Be7 7. O-O O-O 8. Re1
d6 9. h3 a6 10. Nf1 b5 11. Be3 Re8 12. N1d2 d5 13. c3 dxe4 14. dxe4 Bb7 15. Qc2
Red8 16. Nh2 Ne5 17. Bf4 Qd6 18. Rad1 Qd3 19. Qc1 Nc4 20. Nb3 Nxb2 21. Qxb2
Qxd1 22. Rxd1 Rxd1+ 23. Nf1 Rd7 24. Qe2 Rad8 25. Bg5 Rc8 26. Qe3 c4 27. Nd4 Bc5
28. e5 Bxg2 29. Kxg2 Nd5 30. Qd2 Nxc3 31. Qxc3 Rxd4 32. Be3 Rd3 33. Qc2 Ba3 34.
Nd2 Rcd8 35. Kf1 c3 36. Nb3 Rd1+ 37. Kg2 R1d3 38. Bb6 R8d7 39. Nc5 Bxc5 40.
Bxc5 a5 41. Be3 Rxe3 42. Kf1 Rd2 43. Qc1 Red3 44. Kg2 c2 45. Qb2 h6 46. Qc1 Re2
47. Qf1 Rdd2 48. Kf3 Rxf2+ 49. Qxf2 Rxf2+ 50. Kxf2 c1=Q 0-1

[Event "DEM U12/U12w 2014"]
[Site "Magdeburg GER"]
[Date "2014.06.14"]
[Round "11"]
[White "Reuker, Ronja"]
[Black "Wanschura, David"]
[Result "1/2-1/2"]
[Termination "normal"]
[Board "42"]
[WhiteElo "945"]
[BlackElo "1220"]
[PlyCount "41"]
[WhiteFideId "12947172"]
[BlackFideId "12982946"]
[EventCountry "GER"]
[EventRounds "11"]
[EventType "swiss"]
[EventDate "2014.06.07"]

1. e4 e6 2. Nf3 d5 3. Nc3 Nf6 4. e5 Nfd7 5. d4 c5 6. dxc5 Bxc5 7. Bd3 Nc6 8.
Bf4 Bb4 9. O-O O-O 10. Bxh7+ Kh8 11. Bd3 Be7 12. Ng5 Bxg5 13. Qh5+ Bh6 14. Bxh6
g6 15. Qh3 Kg8 16. f4 Re8 17. f5 exf5 18. Bxf5 Ndxe5 19. Bxc8 Rxc8 20. Be3 d4
21. Ne4 1/2-1/2

[Event "DEM U12/U12w 2014"]
[Site "Magdeburg GER"]
[Date "2014.06.14"]
[Round "11"]
[White "Rapp, Lukas"]
[Black "Wolterink, Jule"]
[Result "1-0"]
[Termination "normal"]
[Board "43"]
[WhiteElo "1216"]
[BlackElo "943"]
[PlyCount "91"]
[WhiteFideId "12989320"]
[BlackFideId "12981206"]
[EventCountry "GER"]
[EventRounds "11"]
[EventType "swiss"]
[EventDate "2014.06.07"]

1. d4 d5 2. g3 Bf5 3. Bg2 e6 4. e3 Nf6 5. Ne2 h6 6. O-O Be7 7. c4 c6 8. b3 O-O
9. Ba3 Nbd7 10. Bxe7 Qxe7 11. Nbc3 Rac8 12. Rc1 Rfd8 13. Re1 Qb4 14. c5 Qa5 15.
Qd2 Qc7 16. b4 Re8 17. b5 Rb8 18. f3 Qd8 19. e4 Bh7 20. e5 Qe7 21. exf6 Nxf6
22. Nf4 Rf8 23. a4 Rfc8 24. Bh3 Re8 25. Re3 Qd7 26. Rce1 Re7 27. Nxe6 Rbe8 28.
Nf4 Qc7 29. Rxe7 Rxe7 30. Rxe7 Qxe7 31. Kf2 Qc7 32. Nce2 Kh8 33. Qb4 Qe7 34.
bxc6 bxc6 35. Qb8+ Bg8 36. Qc8 Kh7 37. Qxc6 Qd8 38. Nc3 Qa5 39. Ncxd5 Nxd5 40.
Qxd5 Qd2+ 41. Ne2 Qa5 42. Qc6 Qd8 43. d5 Qa5 44. d6 Qd8 45. Qc7 Qf6 46. d7 1-0

[Event "DEM U12/U12w 2014"]
[Site "Magdeburg GER"]
[Date "2014.06.14"]
[Round "11"]
[White "Kemke, Annabelle"]
[Black "Ruppert, Paula"]
[Result "0-1"]
[Termination "normal"]
[Board "44"]
[WhiteElo "855"]
[BlackElo "1202"]
[PlyCount "128"]
[WhiteFideId "12991821"]
[BlackFideId "12979996"]
[EventCountry "GER"]
[EventRounds "11"]
[EventType "swiss"]
[EventDate "2014.06.07"]

1. e4 d5 2. Nc3 d4 3. Nd5 e6 4. Nf4 e5 5. Nd3 Nc6 6. c3 Bd6 7. cxd4 Nxd4 8. Nf3
Bg4 9. Be2 Bxf3 10. Bxf3 Ne7 11. O-O O-O 12. b4 Rc8 13. Nc5 Bxc5 14. bxc5 Ndc6
15. Bg4 f5 16. exf5 Nxf5 17. Qb3+ Kh8 18. Qb1 Qg5 19. f3 Rcd8 20. d4 Qf6 21.
dxe5 Qxe5 22. Bb2 Qxc5+ 23. Kh1 Ne3 24. Rc1 Qg5 25. Ba3 Rf6 26. h3 h5 27. Bc5
hxg4 28. Bxe3 Qxe3 29. fxg4 Qb6 30. Qe4 Rdf8 31. Qd5 Qa5 32. Qd3 Rf2 33. h4 Qd2
34. Qb5 Rxg2 35. Qh5+ Kg8 36. Rc2 Rh2+ 37. Kg1 Qxc2 38. Qd5+ Rf7 39. Rf1 Qg2+
40. Qxg2 Rxg2+ 41. Kxg2 Rxf1 42. Kxf1 Ne5 43. g5 Kf7 44. Kf2 Kg6 45. Kg3 c5 46.
Kf4 Nd7 47. Kg4 c4 48. h5+ Kh7 49. Kf5 c3 50. h6 g6+ 51. Ke4 c2 52. Kd5 c1=Q
53. Ke6 Qxg5 54. Kxd7 Qxh6 55. a4 Qe3 56. a5 Kg7 57. Kc7 Qc3+ 58. Kxb7 Qxa5 59.
Ka8 Qb4 60. Kxa7 Kf6 61. Ka8 Ke6 62. Ka7 Kd6 63. Ka6 Kc6 64. Ka7 Qb7# 0-1

[Event "DEM U12/U12w 2014"]
[Site "Magdeburg GER"]
[Date "2014.06.14"]
[Round "11"]
[White "Weiten, Teresa"]
[Black "Leib, Amina"]
[Result "1-0"]
[Termination "normal"]
[Board "45"]
[WhiteElo "1137"]
[BlackElo "1076"]
[PlyCount "71"]
[WhiteFideId "12971944"]
[BlackFideId "12982970"]
[EventCountry "GER"]
[EventRounds "11"]
[EventType "swiss"]
[EventDate "2014.06.07"]

1. e4 e5 2. Nf3 Nc6 3. d4 exd4 4. Nxd4 Nf6 5. Nc3 Bb4 6. Nxc6 bxc6 7. Bd3 O-O
8. O-O d5 9. Bg5 Qd6 10. exd5 Nxd5 11. Nxd5 Qxd5 12. Bf4 Ba5 13. c4 Qd4 14.
Bxh7+ Kxh7 15. Qxd4 Bb7 16. Qc5 Bb6 17. Qh5+ Kg8 18. Rac1 Rad8 19. Rc3 Rd7 20.
Rh3 f6 21. Rd1 Re7 22. Qg6 Rfe8 23. Rf1 Ba6 24. b3 Ba5 25. Rh7 Bc3 26. h4 f5
27. Rh5 Re6 28. Qh7+ Kf7 29. Rxf5+ Ke7 30. Rc1 Ba5 31. Qxg7+ Kd8 32. Rxa5 R6e7
33. Qf6 Bb7 34. Rxa7 Bc8 35. Rd1+ Bd7 36. Ra8# 1-0

[Event "DEM U12/U12w 2014"]
[Site "Magdeburg GER"]
[Date "2014.06.14"]
[Round "11"]
[White "Fricke, Edna Marlene"]
[Black "Kurzweil, Naemi"]
[Result "0-1"]
[Termination "normal"]
[Board "46"]
[WhiteElo "1081"]
[BlackElo "1231"]
[PlyCount "76"]
[WhiteFideId "12988839"]
[BlackFideId "12985708"]
[EventCountry "GER"]
[EventRounds "11"]
[EventType "swiss"]
[EventDate "2014.06.07"]

1. e4 c5 2. d4 cxd4 3. c3 e5 4. cxd4 exd4 5. Qxd4 Nc6 6. Qd1 Bc5 7. Bc4 Nf6 8.
Nc3 O-O 9. Nf3 d6 10. O-O Bg4 11. Qd3 Nb4 12. Qe2 Nc6 13. Be3 Bb4 14. Rfd1 Bxc3
15. bxc3 Nxe4 16. Rac1 Nf6 17. Bf4 Qa5 18. Bxd6 Rfe8 19. Qd3 Rad8 20. Bb4 Nxb4
21. cxb4 Qxb4 22. Qxd8 Bxf3 23. gxf3 h6 24. Qd4 Qa5 25. h3 Qg5+ 26. Kf1 Qf5 27.
Bd5 Qxh3+ 28. Kg1 b5 29. Re1 Rd8 30. Be4 Rxd4 31. Rc7 Nh5 32. Bc6 Rd8 33. Bxb5
Nf4 34. Bf1 Qxf3 35. Rcc1 Nh3+ 36. Bxh3 Qxh3 37. Rf1 Rd6 38. Rc2 Rg6# 0-1

[Event "DEM U12/U12w 2014"]
[Site "Magdeburg GER"]
[Date "2014.06.14"]
[Round "11"]
[White "Albert, Eske"]
[Black "Svane, Freja"]
[Result "0-1"]
[Termination "normal"]
[Board "47"]
[WhiteElo "893"]
[BlackElo "1031"]
[PlyCount "52"]
[WhiteFideId "12991813"]
[BlackFideId "12940100"]
[EventCountry "GER"]
[EventRounds "11"]
[EventType "swiss"]
[EventDate "2014.06.07"]

1. e4 e6 2. d4 d5 3. Nc3 Nf6 4. e5 Nfd7 5. a3 c5 6. Nge2 Nc6 7. Be3 Be7 8. Nb1
O-O 9. c3 f6 10. exf6 Nxf6 11. dxc5 Ne4 12. b4 Bg5 13. Qd3 Ne5 14. Qd4 Bf6 15.
Kd1 Nc4 16. Bg5 Bxg5 17. Qxe4 dxe4+ 18. Nd4 e5 19. Bxc4+ Kh8 20. h4 Bh6 21. g4
Bxg4+ 22. Be2 Bxe2+ 23. Kxe2 exd4 24. Rd1 d3+ 25. Kf1 Qxh4 26. Re1 Qh1# 0-1